Cancer nanotechnology : (Record no. 21517)
[ view plain ]
| 000 -LEADER | |
|---|---|
| fixed length control field | 02721cam a22002895a 4500 |
| 001 - CONTROL NUMBER | |
| control field | 17356936 |
| 005 - DATE AND TIME OF LATEST TRANSACTION | |
| control field | 20160327160222.0 |
| 008 - FIXED-LENGTH DATA ELEMENTS--GENERAL INFORMATION | |
| fixed length control field | 120620t2013 fluaf frb 001 0 eng d |
| 020 ## - INTERNATIONAL STANDARD BOOK NUMBER | |
| International Standard Book Number | 9781439878750 |
| 040 ## - CATALOGING SOURCE | |
| Original cataloging agency | DNLM/DLC |
| Transcribing agency | DLC |
| Modifying agency | DLC |
| -- | EG-ScBUE |
| Language of cataloging | eng |
| 082 04 - DEWEY DECIMAL CLASSIFICATION NUMBER | |
| Edition number | 22 |
| Classification number | 616.99407572 |
| Item number | CAN |
| 245 00 - TITLE STATEMENT | |
| Title | Cancer nanotechnology : |
| Remainder of title | principles and applications in radiation oncology / |
| Statement of responsibility, etc | edited by Sang Hyun Cho, Sunil Krishnan. |
| 260 ## - PUBLICATION, DISTRIBUTION, ETC. (IMPRINT) | |
| Place of publication, distribution, etc | Boca Raton : |
| Name of publisher, distributor, etc | CRC Press / Taylor & Francis Group, |
| Date of publication, distribution, etc | c.2013. |
| 300 ## - PHYSICAL DESCRIPTION | |
| Extent | xviii, 254 p. : |
| Other physical details | ill. (some col.) ; |
| Dimensions | 29 cm. |
| 490 0# - Series Statement | |
| Series statement | Imaging in medical diagnosis and therapy. |
| 500 ## - GENERAL NOTE | |
| General note | Index : p. 249-254. |
| 504 ## - BIBLIOGRAPHY, ETC. NOTE | |
| Bibliography, etc | Includes bibliographical references. |
| 505 0# - FORMATTED CONTENTS NOTE | |
| Formatted contents note | Basic principles of radiation therapy of cancers / Laurence Court and Radhe Mohan -- Biological principles of radiosensitization / Vikas Bhardwaj ... [et al.] -- Principles and applications of hyperthermia combined with radiation / Mark Hurwitz -- Synthesis and surface modification of nanomaterials for tumor targeting / Glenn Goodrich -- Safety concerns for nanomaterials in nanomedicinal applications / Qingxin Mu ... [et al.] -- Imaging with nanoparticles / Amit Joshi -- Optical microscopy of plasmonic nanoparticles / Varun P. Pattani and James Tunnell -- X-ray fluorescence computed tomography imaging of nanoparticles / Bernard L. Jones and Sang Hyun Cho -- Gold nanoparticle-mediated radiosensitization / Devika B. Chithrani -- Quantification of gold nanoparticle-mediated radiation dose enhancement / Sang Hyun Cho and Bernard L. Jones -- Semiconductor nanomaterials for radiotherapy / Ke Sheng -- Radioactive gold nanoparticle for tumor therapy / Raghuraman Kannan, Kattesh V. Katti, and Cathy Cutler -- Nanoparticles for the selective radioprotection of normal tissues / Jacob M. Berlin and Kathy A. Mason -- Gold nanoparticle-mediated hyperthermia in cancer therapy / Dev K. Chatterjee and Sunil Krishnan -- Magnetic resonance thermometry imaging for gold nanoparticle-mediated thermal therapy / R. Jason Stafford and John D. Hazle -- Modeling of plasmonic heat generation from gold nanoparticles / Francisco Reynoso and Sang Hyun Cho -- Carbon nanotubes for thermal therapy / Ravi N. Singh ... [et al.] -- Regulatory issues for clinical translations / J. Donald Payne -- Clinical translations of nanotechnology : present and future outlook / Dev K. Chatterjee, Sang Hyun Cho, and Sunil Krishnan. |
| 650 #7 - SUBJECT ADDED ENTRY--TOPICAL TERM | |
| Topical term or geographic name as entry element | Nanomedicine. |
| 9 (RLIN) | 4192 |
| Source of heading or term | BUEsh |
| 650 #7 - SUBJECT ADDED ENTRY--TOPICAL TERM | |
| Topical term or geographic name as entry element | Cancer |
| General subdivision | Radiotherapy. |
| Source of heading or term | BUEsh |
| 9 (RLIN) | 39686 |
| 650 #7 - SUBJECT ADDED ENTRY--TOPICAL TERM | |
| Topical term or geographic name as entry element | Cancer |
| General subdivision | Treatment. |
| Source of heading or term | BUEsh |
| 9 (RLIN) | 39687 |
| 651 ## - SUBJECT ADDED ENTRY--GEOGRAPHIC NAME | |
| Source of heading or term | BUEsh |
| 653 ## - INDEX TERM--UNCONTROLLED | |
| Resource For college | Pharmacy |
| Arrived date list | March2016 |
| 700 1# - ADDED ENTRY--PERSONAL NAME | |
| Personal name | Cho, Sang Hyun, |
| Relator term | editor. |
| 700 1# - ADDED ENTRY--PERSONAL NAME | |
| Personal name | Krishnan, Sunil, |
| Relator term | editor. |
| 942 ## - ADDED ENTRY ELEMENTS (KOHA) | |
| Source of classification or shelving scheme | Dewey Decimal Classification |
| Withdrawn status | Item status | Source of classification or shelving scheme | Damaged status | Not for loan | Vendor | Home library | Current library | Shelving location | Date acquired | Source of acquisition | Cost, normal purchase price | Serial Enumeration / chronology | Total Checkouts | Total Renewals | Full call number | Barcode | Date last seen | Date last borrowed | Cost, replacement price | Koha item type |
|---|---|---|---|---|---|---|---|---|---|---|---|---|---|---|---|---|---|---|---|---|
| Dewey Decimal Classification | Scientific home BookShop | Central Library | Central Library | First floor | 27/03/2016 | Purchase | 1550.00 | 1 | 4 | 31 | 616.99407572 CAN | 000032190 | 15/07/2025 | 09/06/2019 | 1937.50 | Book - Borrowing |